|
|
|
|
| LEADER |
00000nam a22000007a 4500 |
| 005 |
20200720224526.0 |
| 007 |
cr|||| ||| |
| 008 |
200720s2012 br |||||s|||| 00||0 por d |
| 020 |
|
|
|a 978-85-8248-012-0
|
| 035 |
|
|
|a 31816
|
| 040 |
|
|
|a vLex
|
| 090 |
|
|
|c 10650
|d 10650
|
| 100 |
1 |
|
|a Mota de Souza, Carlos Aurľio
|
| 245 |
1 |
0 |
|a Direitos Humanos, Ética e Justiȧ
|h [Recurso electrn̤ico] :
|b Ensaios /
|c Carlos Aurľio Mota de Souza
|
| 256 |
|
|
|a Servicio en ln̕ea
|
| 260 |
|
|
|a San Pablo:
|b Letras Jurídicas Editora,
|c 2012
|
| 300 |
|
|
|a 1 recurso electrn̤ico
|
| 500 |
|
|
|a Os conjuntos de textos que compe̳m este volume sô fruto de longos anos de trabalho jurd̕ico, magistřio e reflexô. Foram escritos em momentos diversos e refletem as preocupaė̳s do autor com as mais diversas queste̳s da atualidade, mas sempre em intenso dil̀ogo com a tradiȯ̂ cls̀sica do pensamento jurd̕ico e filosf̤ico. Por tal razô, abrangem um amplo e variado espectro temt̀ico. Mas o leitor tambm̌ encontrar ̀alguns fios condutores e algumas constantes, tais como os conceitos de justiȧ, equidade e bem comum.
|
| 506 |
1 |
|
|a Disponible solo en los productos indicados
|d vLex Global
|d vLex Global (Academic Edition, excluding Law Schools)
|d vLex Global (U.S. Academic Edition, Law Schools)
|d vLex Global (U.S. Academic Edition, excluding Law Schools)
|d vLex Global (Academic Edition, Law Schools)
|
| 650 |
0 |
4 |
|a Derecho Constitucional
|z Brasil
|
| 740 |
0 |
|
|a vLex Libros (Servicio en ln̕ea)
|
| 856 |
4 |
0 |
|u http://vlex.com/source/direitos-humanos-etica-e-justi-a-ensaios-31816
|z Acceso restringido
|
| 942 |
|
|
|c BOOK
|
| 999 |
0 |
|
|a Constitutional right
|